000 01963cam a2200397 a 4500
999 _c219482
_d219482
001 15058719
003 Nust
005 20180117090022.0
008 071025s2008 njua b 001 0 eng
010 _a 2007044381
015 _aGBA815497
_2bnb
016 7 _a014513824
_2Uk
020 _a9780691133164 (hbk. : alk. paper)
020 _a0691133166 (hbk. : alk. paper)
035 _a(OCoLC)ocn177826088
035 _a(OCoLC)177826088
040 _aDLC
_cDLC
_dBAKER
_dBTCTA
_dYDXCP
_dUKM
_dC#P
_dDLC
050 0 0 _aHG230.3
_b.G35 2008
082 0 0 _a339.5/3
_222
100 1 _aGalí, Jordi,
_d1961-
245 1 0 _aMonetary policy, inflation, and the business cycle :
_ban introduction to the new Keynesian framework /
_cJordi Galí.
260 _aPrinceton, N.J. :
_bPrinceton University Press,
_cc2008.
300 _axi, 203 p. :
_bill. ;
_c24 cm.
504 _aIncludes bibliographical references and index.
505 0 _aIntroduction -- A classical monetary model -- The basic new Keynesian model -- Monetary policy design in the basic new Keynesian model -- Monetary policy tradeoffs: discretion versus commitment -- A model with sticky wages and prices -- Monetary policy and the open economy -- Main lessons and some extensions.
650 0 _aMonetary policy.
650 0 _aInflation (Finance)
650 0 _aBusiness cycles.
650 0 _aKeynesian economics.
856 4 1 _3Table of contents only
_uhttp://www.loc.gov/catdir/toc/ecip083/2007044381.html
906 _a7
_bcbc
_corignew
_d1
_eecip
_f20
_gy-gencatlg
942 _2ddc
_cBK